000 01217nam a2200253Ia 4500
003 OSt
005 20220923212658.0
006 a|||||r|||| 00| 0
007 ta
008 220922b |||||||| |||| 00| 0 hin d
024 _a155,193
037 _cTextual
040 _aARTS
_cARTS
_bhin
041 _2hin
_ahin
082 _aO15,1:g(P:75), 152G1;L3
100 _aशर्मा, वेंक्ट
_9156318
245 0 _aकाव्य सर्जना और काव्यास्वाद
_b भारतीय दृष्टि के आलोक में काव्य की रूप-सर्जना और आस्वाद प्रक्रिया का शास्त्रीय विवेचन
246 _aKāvya sarjanā aur kāvyāswāda: bhāratīya dṛuṣhṭi ke ālok mean kāvya kī rūpa-sarjanā aur āswād prakriyā kā shāstrīya vivechana
260 _aदिल्ली
_b आत्माराम एण्ड संस
_c1973
300 _a670पृ.
_ccm.
650 _aसंस्कृत साहित्य
942 _hO15,1:g(P:75), 152G1;L3
_cTEXL
_2CC
999 _c310760
_d310760